| 000 | 00473nam a2200157Ia 4500 | ||
|---|---|---|---|
| 008 | 231221s9999 xx 000 0 und d | ||
| 041 | _aEnglish | ||
| 082 | _a641.873 LEE;1 R | ||
| 100 | _aLees, Graham Myers, Benjamin | ||
| 245 | 0 | _aEncyclopedia of world beer : a reference guide for connoisseurs | |
| 260 |
_c1997 _bBramley Books _aUK |
||
| 300 | _a180 | ||
| 650 | _aEncyclopedia,world,beer,:,connoisseurs | ||
| 650 | _aHotel management-Encyclopedia | ||
| 942 | _cHM | ||
| 999 |
_c207920 _d207920 |
||